000 00761nam a2200229 u 4500
005 20231128063838.0
008 170901s2006 mx r 000 0 spa d
020 _a9707400846
035 _aUPN01000220098
049 _aF
050 4 _aF1219.3 E3
_bD5.2 2006
245 0 3 _aEl diario de campo /
_cMartha Fabiola Torres ... [et al.].
250 _a4a ed.
260 _aMéxico :
_bCONAFE, Dirección de Educación Comunitaria,
_c2006.
300 _a45 p. :
_bil.
440 0 _aGuías de apoyo a la formación docente en MAEPI ;
_v1
650 4 _aIndígenas de México
_xEducación
_910
610 2 4 _aPROYECTO DE ATENCION EDUCATIVA A POBLACION INDIGENA
_923492
700 1 _aTorres, Martha Fabiola,
_ecoaut.
_941614
905 _aLibro
999 _c192197
_d192197